| 000 | 00521cam a2200193ua 4500 | ||
|---|---|---|---|
| 003 | OSt | ||
| 008 | 241226b |||||||| |||| 00| 0 eng d | ||
| 020 | _a9781577664550 | ||
| 082 |
_a551.493 255 02 _bGUP/HY |
||
| 100 |
_aGupta, Ram S . _91193 |
||
| 245 | _aHydrology and Hydraulic Systems | ||
| 250 | _a1 / 3rd | ||
| 260 |
_aLong Grove, Illinois _bWaveland Press, INC. _c2014 |
||
| 300 | _a740 / 896 | ||
| 650 | _aHydrology | ||
| 650 |
_aWater resources development _91195 |
||
| 650 |
_aHydraulics _91196 |
||
| 942 | _cBK | ||
| 999 |
_c11341 _d11341 |
||